000 00374nam a2200157 i 4500
001 bg
245 0 _aPhysics of Nonlinear Transport in Semiconduction.
260 _aNew York :
_bPlenum Press,
_c1980.
020 _a0306403560
040 _cBPK
041 _apol
080 _a537
920 _a0-306-40356-0
942 _cKS
008 s pl f |000 0 pol
999 _c19851
_d19851
856 _uhttp://koha.tu.koszalin.pl/cgi-bin/koha/opac-detail.pl?biblionumber=19851
_yKatalog online BPK